| 000 | 01500nam a22003857a 4500 | ||
|---|---|---|---|
| 003 | CHAP | ||
| 005 | 20220329133227.0 | ||
| 008 | 971013s1987 r 00010 d | ||
| 010 | _a3649 | ||
| 011 | _a4621 | ||
| 035 | _a3825 | ||
| 040 | _cCHAP | ||
| 082 |
_a633.51 _bM4 1981-84 |
||
| 110 |
_aMéxico. Secretaría de Agricultura y Recursos Hidráulicos. Dirección General de Estudios, Información y Estadística Sectorial _977129 |
||
| 245 | _aConsumo de algodón pluma 1981-1982, 1982-1983, 1983-1984 | ||
| 260 |
_aMéxico, D. F. : _bLa Secretaría, _c1987 |
||
| 300 | _a108 p | ||
| 490 | _aEstadística agroindustrial de los Estados Unidos Mexicanos | ||
| 500 | _aD50-222 | ||
| 590 |
_aBATCH-UPD _b10 _c20130110 _lUCH01 _h2002 |
||
| 590 |
_aBATCH-UPD _b10 _c20130410 _lUCH01 _h1322 |
||
| 590 |
_aBATCH-UPD _b10 _c20130914 _lUCH01 _h0056 |
||
| 590 |
_aBATCH-UPD _b10 _c20130914 _lUCH01 _h1907 |
||
| 590 |
_aCONVERSION _b10 _c20130109 _lUCH01 _h1303 |
||
| 650 | 1 | 4 |
_aAlgodón _xEstadísticas _xMéxico. _94010 |
| 650 | 1 | 4 |
_aAlgodon _xPrecios. _94048 |
| 650 | 1 | 4 |
_aAlgodon _xVariedades. _94068 |
| 650 | 1 | 4 |
_aProductos agrícolas _xConsumo. _991924 |
| 830 | 0 |
_aEstadística agroindustrial de los Estados Unidos Mexicanos _938260 |
|
| 901 | _aBK | ||
| 942 | _cLIBRO | ||
| 949 |
_a633.51 M4 1981-84 _bBC _cC _d33724000653440 _eC _h80512 _i3825 _mD _si |
||
| 949 |
_a633.51 M4 1981-84 _bBC _cC _d33724000654224 _eC _fc.3 _h80514 _i3825 _mD _si |
||
| 949 |
_a633.51 M4 1981-84 _bBC _cC _d33724000667937 _eC _fc.2 _i3825 _mD _si |
||
| 999 |
_c3649 _d3649 |
||